Tactical missile propulsion (Record no. 292811)

000 -LEADER
fixed length control field 00290 a2200121 4500
001 - CONTROL NUMBER
control field 57738
082 ## - DEWEY DECIMAL CLASSIFICATION NUMBER
Classification number 623.4543 JEN
090 ## - LOCALLY ASSIGNED LC-TYPE CALL NUMBER (OCLC); LOCAL CALL NUMBER (RLIN)
-- 35432
-- 35432
100 ## - MAIN ENTRY--PERSONAL NAME
Personal name Jensen, Gordon E.
245 ## - TITLE STATEMENT
Title Tactical missile propulsion
Number of part/section of a work Vol-170
260 ## - PUBLICATION, DISTRIBUTION, ETC.
Place of publication, distribution, etc. Virgmiz
Name of publisher, distributor, etc. AIAA
Date of publication, distribution, etc. 1996
300 ## - PHYSICAL DESCRIPTION
Extent xv, 529p.
942 ## - ADDED ENTRY ELEMENTS (KOHA)
Institution code [OBSOLETE] NUST-CAE
Call number prefix 623.4543 JEN
Holdings
Withdrawn status Lost status Damaged status Not for loan Collection code Permanent Location Current Location Date acquired Total Checkouts Full call number Barcode Date last seen Price effective from Koha item type
          College of Aeronautical Engineering (CAE) College of Aeronautical Engineering (CAE) 04/03/2017   623.4543 JEN CAE588155 04/05/2017 04/05/2017 Book
          College of Aeronautical Engineering (CAE) College of Aeronautical Engineering (CAE) 04/03/2017   623.4543 JEN CAEN-804 04/05/2017 04/05/2017 Book
© 2023 Central Library, National University of Sciences and Technology. All Rights Reserved.